Word Ladder: Cowboy Quarterback Quiz Stats

 Plays Quiz Updated Sep 10, 2012

Support Sporcle.
Go Orange.
Score 0/12 Timer 02:00
1 Play Today
Hint Answer % Correct
Romantic flowerROSE
96.1%
Small horsePONY
95%
Worker's supervisorBOSS
94.7%
It was not built in a dayROME
94.5%
Dallas quarterback, first nameTONY
94%
Schwimmer, on FriendsROSS
93.9%
Freshwater game fishBASS
93.5%
Throw a footballPASS
93.2%
Cooking containersPANS
90.4%
Window sectionPANE
90.3%
Corn breadPONE
84.1%
Dallas quarterback, surnameROMO
80.7%

Today's Daily Dose

You're not logged in!

Compare scores with friends on all Sporcle quizzes.
OR
Log In
Forgot?

From the Vault

Pick 3 Famous Men

by shirleyalpha

Are we fielding a celebrity kickball team here?
Remove Ads.
Support Sporcle.
Get the best of Sporcle when you Go Orange. This ad-free experience offers more features, more stats, and more fun while also helping to support Sporcle. Thank you for becoming a member.

Show Comments

Extras

Top Quizzes Today


Score Distribution

Your Account Isn't Verified!

In order to create a playlist on Sporcle, you need to verify the email address you used during registration. Go to your Sporcle Settings to finish the process.

Report this User

Report this user for behavior that violates our Community Guidelines.

Details: